| 000 | 01532 a2200325 4500 | ||
|---|---|---|---|
| 003 | Nust | ||
| 005 | 20221018182911.0 | ||
| 010 | _a 2010281455 | ||
| 020 | _a0596802765 (pbk.) | ||
| 020 | _a9780596802769 (pbk.) | ||
| 035 | _a(OCoLC)ocn419866951 | ||
| 040 | _cNust | ||
| 082 | 0 | 4 | _a005.8,MAT |
| 100 | 1 |
_aMather, Tim. _9100705 |
|
| 245 | 1 | 0 |
_aCloud security and privacy : _bAn enterprise perspective on risks and compliance / _cTim Mather, Subra Kumaraswamy, and Shahed Latif. |
| 250 | _a1st ed. | ||
| 260 |
_aBeijing ; _aCambridge [Mass.] : _bO'Reilly, _cc2009. |
||
| 300 |
_axvii, 312 p. : _bill. ; _c24 cm. |
||
| 490 | 1 | _aTheory in practice | |
| 505 | 0 | _aIntroduction (Page-1), What Is Cloud Computing? (Page-7), Data Security and Storage (Page-61), Identity and Access Management (Page-73), Security Management in the Cloud (Page-109), Privacy (Page-145), Audit and Compliance (Page-167), Examples of Cloud Service Providers (Page-203), Security-As-a-[Cloud] Service (Page-217), The Impact of Cloud Computing on the Role of Corporate IT (Page-225), Conclusion, and the Future of the Cloud (Page-239) . | |
| 650 | 0 |
_aCloud computing _xSecurity measures. _995195 |
|
| 650 | 0 | _aCloud Computing. | |
| 650 | 0 |
_aComputer networks _xSecurity measures. _9466 |
|
| 650 | 0 |
_aComputersicherheit. _994105 |
|
| 650 | 0 |
_aSicherheitsmassnahme. _9100706 |
|
| 700 | 1 |
_aKumaraswamy, Subra. _9100707 |
|
| 700 | 1 |
_aLatif, Shahed. _9100708 |
|
| 830 | 0 |
_aTheory in practice (Sebastopol, Calif.) _9100709 |
|
| 942 |
_2ddc _cBK _k005.8,MAT |
||
| 999 |
_c218178 _d218178 |
||